MARC details
| 000 -LEADER |
| campo de control de longitud fija |
02184nam a2200385 i 4500 |
| 001 - NÚMERO DE CONTROL |
| campo de control |
193992 |
| 003 - IDENTIFICADOR DE NÚMERO DE CONTROL |
| campo de control |
SpMaBN |
| 005 - FECHA Y HORA DE LA ÚLTIMA TRANSACCIÓN |
| campo de control |
20250516063033.0 |
| 008 - DATOS DE LONGITUD FIJA--INFORMACIÓN GENERAL |
| campo de control de longitud fija |
240214s2011 sp a | |||| 001 0 spa |
| 015 ## - NÚMERO DE BIBLIOGRAFÍA NACIONAL |
| Número de bibliografía nacional |
MON11 |
| 017 ## - NÚMERO DE COPYRIGHT O DE DEPÓSITO LEGAL |
| Número de copyright o de depósito legal |
M 30771-2011 |
| Agencia que asigna |
Oficina Depósito Legal Madrid |
| 020 ## - NÚMERO INTERNACIONAL ESTÁNDAR DEL LIBRO |
| Número Internacional Estándar del Libro |
9788499700939 |
| 035 ## - NÚMERO DE CONTROL DEL SISTEMA |
| Número de control de sistema |
(OCoLC)796302381 |
| 040 ## - FUENTE DE CATALOGACIÓN |
| Centro catalogador/agencia de origen |
SpMaBN |
| Lengua de catalogación |
spa |
| Centro/agencia transcriptor |
SpMaBN |
| Normas de descripción |
rdc |
| 080 ## - NÚMERO DE LA CLASIFICACIÓN DECIMAL UNIVERSAL |
| Número de la Clasificación Decimal Universal |
32 Pérez Rubalcaba, Alfredo |
| 080 ## - NÚMERO DE LA CLASIFICACIÓN DECIMAL UNIVERSAL |
| Número de la Clasificación Decimal Universal |
929 Pérez Rubalcaba, Alfredo |
| 100 ## - ENTRADA PRINCIPAL--NOMBRE DE PERSONA |
| Nombre de persona |
Somoano, Julio, |
| Fechas asociadas al nombre |
1976- |
| Número de control del registro de autoridad o número normalizado |
XX1658037 |
| 9 (RLIN) |
235553 |
| Término indicativo de función/relación |
Autor |
| 245 10 - MENCIÓN DEL TÍTULO |
| Título |
Rubalcaba : |
| Resto del título |
El monje del poder / |
| Mención de responsabilidad, etc. |
Julio Somoano |
| 250 ## - MENCION DE EDICION |
| Mención de edición |
1ª ed. |
| 260 ## - PUBLICACIÓN, DISTRIBUCIÓN, ETC. |
| Lugar de publicación, distribución, etc. |
Madrid : |
| Nombre del editor, distribuidor, etc. |
La Esfera de los Libros, |
| Fecha de publicación, distribución, etc. |
2011 |
| 300 ## - DESCRIPCIÓN FÍSICA |
| Extensión |
383 p., [16] p. de lám. col. y n. ; |
| Dimensiones |
24 cm |
| 336 ## - TIPO DE CONTENIDO |
| Término de tipo de contenido |
Texto (visual) |
| Fuente |
isbdcontent |
| 337 ## - TIPO DE MEDIO |
| Nombre/término del tipo de medio |
sin mediación |
| Fuente |
isbdmedia |
| 338 ## - TIPO DE SOPORTE |
| Fuente |
rdacarrier |
| Nombre/término del tipo de soporte |
volumen |
| 504 ## - NOTA DE BIBLIOGRAFÍA, ETC. |
| Nota de bibliografía, etc. |
Bibliografía: p. [373]-374. Índice |
| 520 ## - RESUMEN, ETC. |
| Sumario, etc. |
Ángel y demonio. Fouché, Talleyrand y Maquiavelo. Halcón y paloma. Diplomático y fontanero, negociador y funambulista. «Continuidad y cambio», como ha dicho él. Mano de hierro, guante de seda y hábito de monje de la política. La palabra «Rubalcaba» significa un poco de todo esto y más. Mucho más. La mitad de los españoles le adora. La otra mitad le detesta. Y casi todos le temen.<br/><br/>El monje del poder ha vivido de manera espartana en su celda del ministerio/monasterio. Duerme poco y come menos. Se alimenta de política. Alfredo Pérez Rubalcaba se ha mantenido en el círculo de confianza de todos los líderes socialistas, gracias a su dominio de la comunicación. Y también a su maestría para la intriga y la ocultación. |
| 600 #0 - PUNTO DE ACCESO ADICIONAL DE MATERIA--NOMBRE DE PERSONA |
| Nombre de persona |
Pérez Rubalcaba, Alfredo, |
| Fechas asociadas al nombre |
1951-2019 |
| Fuente del encabezamiento o término |
embne |
| 9 (RLIN) |
235554 |
| 852 ## - LOCALIZACIÓN |
| Ubicación |
ES-MaACL |
| Sublocalización o colección |
R.155082 |
| Ubicación en estantería |
Depósito J |
| Número de control de estantería |
N-9793 |
| Encuadernación |
Encuadernación rústica con solapas |
| Donativo/Legado |
Donación: José Lázaro García |
| itemnumber |
205561 |
| 903 ## - NOMBRE PERSONAL DE DONANTE |
| 9 |
234219 |
| a |
Lázaro García, José |
| e |
Donante |
| 942 ## - ELEMENTOS DE ENTRADA SECUNDARIOS (KOHA) |
| Tipo de ítem Koha |
Libro impreso |
| Suprimir en OPAC |
No |